UITU Library & LRC     

Contact Tracing App (Record no. 33460)

MARC details
000 -LEADER
fixed length control field 00443nam a2200133Ia 4500
008 - FIXED-LENGTH DATA ELEMENTS--GENERAL INFORMATION
fixed length control field 260210s9999 xx 000 0 und d
024 ## - OTHER STANDARD IDENTIFIER
Standard number or code 17B-116-SE, 17B-118-SE, 17B-126-SE & 17B-133-SE
082 ## - DEWEY DECIMAL CLASSIFICATION NUMBER
Classification number 004.8072 ARS
100 ## - MAIN ENTRY--PERSONAL NAME
Personal name Arsalan Ahmed, Hamza Baig, Usama Iqbal & Abdul Basit
245 #0 - TITLE STATEMENT
Title Contact Tracing App
260 ## - PUBLICATION, DISTRIBUTION, ETC.
Place of publication, distribution, etc. Karachi:
Name of publisher, distributor, etc. UITU,
Date of publication, distribution, etc. 2017
600 ## - SUBJECT ADDED ENTRY--PERSONAL NAME
Personal name Software Engineering
650 ## - SUBJECT ADDED ENTRY--TOPICAL TERM
Topical term or geographic name entry element Bachelor of Computer Science (BS)

No items available.

Powered by Koha